000 02223nam a2200553 i 4500
001 15170
003 KOSZ 005
005 20200623092147.0
008 200403s1972 pl a f 000 0 pol
015 _aUWD 1973/2262
035 _a991032532269705066
035 _a(PL-WaBN)b18728376-48omnis_nlop
035 _ab18728376
035 _a(OCoLC)812769732
035 _a(PL)b0000001872837
035 _a(EXLNZ-48OMNIS_NETWORK)9910438010705606
040 _aWA N
_cWA N
_dKOSZ 005/RW
041 0 _apol
_beng
_bfre
_brus
046 _k1972
080 _a336.1
080 _a001.102
100 1 _aKlauze, Jerzy
_eAutor
245 1 0 _aZagadnienia finansowania działalności ośrodków inte na rzecz użytkowników zewnętrznych /
_cJerzy Klauze, Wanda Korytkowska, Jerzy Szwalbe ; [recenzenci : mgr Tadeusz Ciepliński, mgr inż. Wiaczesław Proniewski].
260 _aWarszawa :
_bInstytut Informacji Naukowej, Technicznej i Ekonomicznej ,
_c1972.
300 _a86 stron :
_berrata ;
_c24 cm.
336 _aTekst
_btxt
_2rdacontent
337 _aBez urządzenia pośredniczącego
_bn
_2rdamedia
338 _aWolumin
_bnc
_2rdacarrier
380 _aKsiążki
380 _aPublikacje naukowe
388 _a1901-2000
388 _a1945-1989
490 0 _aPrace, Studia, Przyczynki / Instytut Informacji Naukowej, Technicznej i Ekonomicznej
_v2(55)
504 _aBibliografia na stronach 81-86.
546 _aStreszczenie w języku rosyjskim, angielskim, francuskim.
650 7 _aInformacja naukowa
_2DBN
650 7 _aFinanse
655 7 _aOpracowanie
658 _aGospodarka, ekonomia, finanse
700 1 _aKorytkowska, Wanda
_eAutor
700 1 _aSzwalbe, Jerzy
_eAutor
700 1 _aCiepliński, Tadeusz
_eRecenzja
700 1 _aProniewski, Wiaczesław
_eRecenzja
710 2 _aInstytut Informacji Naukowej, Technicznej i Ekonomicznej
_4pbl
830 0 _aPrace, Studia, Przyczynki - Centralny Instytut Informacji Naukowo-Technicznej i Ekonomicznej
_v2 (55)
856 _uhttp://koha.tu.koszalin.pl/cgi-bin/koha/opac-detail.pl?biblionumber=15170
_yKatalog online BPK
942 _2UKD
_cKS
999 _c15170
_d15170